| 000 | 00790cab a22002055a 4500 | ||
|---|---|---|---|
| 001 | L154433 | ||
| 008 | 111130e20111126xxk 000 0 eng d | ||
| 035 | _a(Sirsi) u154433 | ||
| 041 | 0 | _aeng | |
| 100 | 1 | _aBrigstocke, Christopher | |
| 245 | 0 | 0 | _aTIF - Born to run? |
| 260 | _c2011 | ||
| 490 |
_aEstates Gazette _v(1147) 26 November 2011, 100-101(2) |
||
| 520 | _aLooks at the possible adoption of a Tax increment financing (TIF) model from April 2013 in England if plans to reform the National Non-domestic Business Rate (NNDR) go ahead. Scotland is already piloting a number of TIFs for a number of existing projects. | ||
| 590 | _aKA | ||
| 651 | 4 | _aUNITED KINGDOM | |
| 690 | _aPROPERTY-COMMERCIAL PROPERTY-COMMERCIAL PROPERTY TAXATION | ||
| 700 | 1 | _aSimpson, Mark | |
| 942 | _n0 | ||
| 999 |
_c83617 _d83617 |
||